Statistics for Sports by Picture

Click here to take the quiz!

General Stats

  • This quiz has been taken 106 times
  • The average score is 20 of 30

Answer Stats

Answer% Correct
Golf
99%
Baseball
91%
Tennis
90%
Basketball
89%
Football
87%
Boxing
85%
Skiing
85%
Badminton
84%
Skate Boarding
82%
Ice Hockey
79%
Archery
75%
Athletics
71%
Darts
71%
Rock Climbing
70%
Motor Racing
68%
Rugby Union
68%
Cricket
67%
Yachting / Sailing
66%
Cycling
63%
Weightlifting
63%
Lacrosse
60%
Curling
54%
Skydiving
54%
Steeplechasing
52%
Mountaineering
49%
Windsurfing
41%
Triathlon
32%
Hang Gliding
26%
Boules
24%
Gliding
23%

Score Distribution

Percentile by Number Answered

Percent of People with Each Score

Your Score History

You have not taken this quiz